Historia del nuevo testamento / (Registro nro. 15469)

Detalles MARC
000 -LIDER
fixed length control field 01292nam a2200373 i 4500
001 - NÚMERO DE CONTROL
Identificador de número de control 000012873
003 - IDENTIFICACDOR DE NÚMERO DE CONTROL
control field DO-SdBPM
005 - DATE AND TIME OF LATEST TRANSACTION
control field 20251020124628.0
007 - CAMPOS FIJOS DE DESCRIPCIÓN FÍSICA
fixed length control field ta
008 - ELEMENTOS DE LONGITUD FIJA
fixed length control field 091118s2006 d 000 j spa d
020 ## - ISBN
International Standard Book Number
040 ## - FUENTE DE CATALOGACIÓN
Agencia que crea de manera original el registro DO-SdBPM
Idioma de catalogación spa
Agencia que realiza la transcripción BPMSU
Convenciones de la despripción rda
Agencia que realiza la modificación
082 #4 - NÚMERO DE CLASIFICACIÓN DECIMAL DE DEWEY
Classification number 225.56
Item number B853h, 2006
Edition number 22
100 1# - ASIENTO PRINCIPAL -- NOMBRE PERSONAL
Nombre personal Brierley, Jane
Mención de responsabilidad autor
Fechas asociadas con el nombre
245 13 - MENCIÓN DE TITULO
Título Historia del nuevo testamento /
Mención de responsabilidad Jane Brierley ; ilustraciones Aleksandr Lebedev ; traducción Gloria Jaramillo
264 ## - PRODUCTION, PUBLICATION, DISTRIBUTION, MANUFACTURE, AND COPYRIGHT NOTICE
Place of production, publication, distribution, manufacture China ;
Name of producer, publisher, distributor, manufacturer Lexus,
Date of production, publication, distribution, manufacture, or copyright notice 2006
300 ## - DESCRIPCIÓN FÍSICA
Extensión varias páginas ;
Dimensiones 24 cm.
336 ## - CONTENT TYPE
Source rdacontent
Content type term texto
Content type code txt
337 ## - MEDIA TYPE
Source rdamedia
Media type term sin mediacion
Media type code n
338 ## - CARRIER TYPE
Source rdacarrier
Carrier type term volumen
Carrier type code nc
490 0# - MENCIÓN DE SERIES
Mención de serie Recrea y aprende
500 ## - NOTA GENERAL
Nota general
505 0# - NOTA DE CONTENIDO
Texto normalizado de contenido El nacimiento de Jesús -- Los visitantes del Santo Niño -- La multiplicación de pan -- La última cena con Jesús -- La muerte en la cruz -- Jesús va el cielo.
590 ## - NOTA LOCAL
Texto de la nota local Inventariado, 2025/ VM
630 07 - ENCABEZAMIENTO DE MATERIA--TITULO UNIFORME
Título uniforme Biblia.
Nombre de la parte o sección de una obra Evangelios
-- N.T.
630 07 - ENCABEZAMIENTO DE MATERIA--TITULO UNIFORME
Título uniforme Biblia
Subdivisión temática general Historia sagrada.
Nombre de la parte o sección de una obra
630 07 - ENCABEZAMIENTO DE MATERIA--TITULO UNIFORME
Título uniforme Biblia
Subdivisión de forma Libros infantiles y juveniles
650 #7 - ENCABEZAMIENTO DE MATERIA--TEMÁTICO
Término temático o nombre geográfico como elemento de entrada
650 #7 - ENCABEZAMIENTO DE MATERIA--TEMÁTICO
Término temático o nombre geográfico como elemento de entrada Literatura dominicana.
700 1# - ASIENTO SECUNDARIO -- NOMBRE PERSONAL
Nombre personal Jaramillo, Gloria
Mención de responsabilidad traducción
710 2# - ASIENTO SECUNDARIO -- NOMBRE CORPORATIVO
Nombre corporativo o de jurisdicción Lexus
910 ## - VALIDACIÓN
Validación VMateo V. Control de calidad BPMSU
942 ## - ADDED ENTRY ELEMENTS (KOHA)
Source of classification or shelving scheme Dewey Decimal Classification
Koha item type Libros
Existencias
Withdrawn status Lost status Source of classification or shelving scheme Damaged status Not for loan Collection code Home library Current library Date acquired Total Checkouts Full call number Barcode Date last seen Price effective from Koha item type Copy number
    Dewey Decimal Classification     Colección Infantil General Biblioteca Pública Metropolitana Salomé Ureña Biblioteca Pública Metropolitana Salomé Ureña 10/20/2025   BPMSU CGI 225.56 B853h, 2006 BPMSU25100089 10/20/2025 10/20/2025 Libros  
    Dewey Decimal Classification     Colección Infantil General Biblioteca Pública Metropolitana Salomé Ureña Biblioteca Pública Metropolitana Salomé Ureña 10/20/2025   BPMSU CGI 225.56 B853h, 2006 BPMSU25100090 10/20/2025 10/20/2025 Libros e.2